Filosofia para criancas: na pratica escolar - v.2 (Record no. 166987)

MARC details
000 -LÍDER
campo de controle de tamanho fixo 00355 a2200145 4500
001 - NÚMERO DE CONTROLE
campo de controle 166987
020 ## - ISBN - INTERNATIONAL STANDARD BOOK NUMBER
ISBN - International Standard Book Number
040 ## - FONTE DA CATALOGAÇÃO
Instituição que transcreveu o registro Magnum
100 ## - ENTRADA PRINCIPAL--NOME PESSOAL
Nome pessoal Kohan, Walter Omar
240 10 - TÍTULO UNIFORME
Título uniforme Filosofia para criancas: na pratica escolar - v.2
Idioma da obra por
245 10 - TÍTULO
Título Filosofia para criancas: na pratica escolar - v.2
362 0# - DATAS DE PUBLICAÇÃO E/OU DESIGNAÇÃO SEQUENCIAL
Datas de publicação e/ou designação sequencial 1899
697 ## - ENTRADA DE ASSUNTO LOCAL--ENTIDADE COLETIVA (RLIN)
Nome corporativo ou nome da jurisdição FILOSOFIA
942 ## - ELEMENTOS DE ENTRADA ADICIONADOS (KOHA)
Tipo de material Koha Livros
Holdings
Situação do descarte Situação das perdas Situação física Não pode ser emprestado Biblioteca de origem Biblioteca atual Data de aquisição Total de empréstimos Número de chamada completo Código de barras Data de último acesso Data do preço efetivo Tipo de material Koha
        Magnum Magnum 08/06/2024   LI.06444 MAG00011385 08/06/2024 08/06/2024 Livros